Johann Gottlieb Fichte, Die späten wissenschaftlichen Vorlesungen I, 1809-1811, édité par H. G. von Manz, E. Fuchs, R. Lauth, I. Radrizzani, Stuttgart, Frommann-Holzboog, 2000, XIV-418 p. (notice n° 1661041)
[ vue normale ]
| 000 -LEADER | |
|---|---|
| fixed length control field | 00658cam a2200145 4500500 |
| 005 - DATE AND TIME OF LATEST TRANSACTION | |
| control field | 20260208020539.0 |
| 041 ## - LANGUAGE CODE | |
| Language code of text/sound track or separate title | fre |
| 042 ## - AUTHENTICATION CODE | |
| Authentication code | dc |
| 100 10 - MAIN ENTRY--PERSONAL NAME | |
| Personal name | Kourim, Zdenék |
| Relator term | author |
| 245 00 - TITLE STATEMENT | |
| Title | Johann Gottlieb Fichte, Die späten wissenschaftlichen Vorlesungen I, 1809-1811, édité par H. G. von Manz, E. Fuchs, R. Lauth, I. Radrizzani, Stuttgart, Frommann-Holzboog, 2000, XIV-418 p. |
| 260 ## - PUBLICATION, DISTRIBUTION, ETC. | |
| Date of publication, distribution, etc. | 2002.<br/> |
| 500 ## - GENERAL NOTE | |
| General note | 98 |
| 786 0# - DATA SOURCE ENTRY | |
| Note | Revue philosophique de la France et de l'étranger | 127 | 4 | 2002-12-01 | p. 433zzs-502zzs | 0035-3833 |
| 856 41 - ELECTRONIC LOCATION AND ACCESS | |
| Uniform Resource Identifier | <a href="https://shs.cairn.info/revue-philosophique-2002-4-page-433zzs?lang=fr&redirect-ssocas=7080">https://shs.cairn.info/revue-philosophique-2002-4-page-433zzs?lang=fr&redirect-ssocas=7080</a> |
Pas d'exemplaire disponible.




Réseaux sociaux